书目信息 |
| 题名: |
成就标志
|
|
| 作者: | 王丽丽 编写 | |
| 分册: | ||
| 出版信息: | 长春 吉林出版集团有限责任公司 2011.03 |
|
| 页数: | 117页 | |
| 开本: | 21cm | |
| 丛书名: | ||
| 单 册: | ||
| 中图分类: | I253.6 , TU242.1-092 | |
| 科图分类: | ||
| 主题词: | 报告文学--中国--当代 , 人民大会堂--建筑史--中国 , 人民大会堂 , 建筑史 , 报告文学 | |
| 电子资源: | ||
| ISBN: | 978-7-5463-1758-8 | |
| 000 | 01021nam0 22003131 450 | |
| 001 | 004987315 | |
| 005 | 20111228171208.81 | |
| 010 | @a978-7-5463-1758-8@dCNY22.00 | |
| 096 | @aI25@bwll | |
| 100 | @a20101015d2011 em y0chiy50 ea | |
| 101 | 0 | @achi |
| 102 | @aCN@b220000 | |
| 105 | @ay z 000zy | |
| 200 | 1 | @a成就标志@9cheng jiu biao zhi@e人民大会堂设计施工与落成@f王丽丽编写 |
| 210 | @a长春@c吉林出版集团有限责任公司@d2011.03 | |
| 215 | @a117页@d21cm | |
| 300 | @a共和国故事 | |
| 330 | @a本书讲述了讲述人民大会堂设计施工与落成的故事。包括“中央决策与落实行动”、“设计审定与意见统一”、“动土动工与三边建设”等内容。 | |
| 517 | 1 | @a人民大会堂设计施工与落成@9ren min da hui tang she ji shi gong yu luo cheng |
| 606 | 0 | @a报告文学@y中国@z当代 |
| 606 | 0 | @a人民大会堂@x建筑史@y中国 |
| 606 | 0 | @a人民大会堂 |
| 606 | 0 | @a建筑史 |
| 606 | 0 | @a报告文学 |
| 690 | @aI253.6@v4 | |
| 690 | @aTU242.1-092@v4 | |
| 701 | 0 | @a王丽丽@9wang li li@4编写 |
| 801 | 0 | @c20111228 |
| 905 | @aZUCC@dI253.6@eW250@f3 | |
| 成就标志:人民大会堂设计施工与落成/王丽丽编写.-长春:吉林出版集团有限责任公司,2011.03 |
| 117页;21cm |
| 共和国故事 |
| ISBN 978-7-5463-1758-8:CNY22.00 |
| 本书讲述了讲述人民大会堂设计施工与落成的故事。包括“中央决策与落实行动”、“设计审定与意见统一”、“动土动工与三边建设”等内容。 |
| ● |
| 相关链接 |
|
|
|
正题名:成就标志
索取号:I253.6/W250
 
预约/预借
| 序号 | 登录号 | 条形码 | 馆藏地/架位号 | 状态 | 备注 |
| 1 | 1184086 | 211840864 | 文学库108/108文学库 68排9列4层/ [索取号:I253.6/W250] | 在馆 | |
| 2 | 1184087 | 211840873 | 文学库108/108文学库 68排9列4层/ [索取号:I253.6/W250] | 在馆 | |
| 3 | 1184088 | 211840882 | 文学库108/108文学库 68排9列4层/ [索取号:I253.6/W250] | 在馆 |